Asas fonetik

Bibliographic Details
Main Author: Nor Hashimah Jalaluddin
Format: Book
Published: Kuala Lumpur : DBP , 1998
Subjects:

MARC

LEADER 00000cam a2200000 7i4500
001 0000026549
002 000028647
005 20000330.0
020 |a 9836257519 
090 0 0 |a 499.2315   |b NOR 
100 0 |a Nor Hashimah Jalaluddin 
245 1 0 |a Asas fonetik   |c Nor Hashimah Jalaluddin 
260 |a Kuala Lumpur :   |b DBP ,   |c 1998 
300 |a 103p. :   |b ill ;   |c 21cm. 
650 0 0 |a Malay language   |x Phonetic 
999 |a 00074465   |b BUKU   |c PINJAMAN   |e PERPUSTAKAAN KOMUNITI PETALING JAYA